| 000 | 00785nam a2200253Ia 4500 | ||
|---|---|---|---|
| 003 | OSt | ||
| 005 | 20221005074353.0 | ||
| 006 | a|||||r|||| 00| 0 | ||
| 007 | ta | ||
| 008 | 221004b |||||||| |||| 00| 0 urd d | ||
| 020 |
_a9789383282081 (hbk) _c240 |
||
| 024 | _a21988 | ||
| 037 |
_b43544, 13/03/2015, Segment Book Distributors _cTextual |
||
| 040 |
_aCRL _cCRL _burd |
||
| 041 |
_2urd _aurd |
||
| 082 | _aO168,3:g(Y15), Q3 | ||
| 100 |
_aJameel Rukhsana _9193931 |
||
| 245 | 0 | _aUrdu ki khwateen afsana nigar | |
| 260 |
_aNew Delhi _bM. R. Publication India _c2013 |
||
| 300 |
_a184p. _ccm. |
||
| 650 | _aURDU LITERATURE | ||
| 942 |
_hO168,3:g(Y15), Q3 _cTEXL _2cc |
||
| 999 |
_c982558 _d982558 |
||